000 00699cam a2200265 4500500
005 20260329001303.0
041 _afre
042 _adc
100 1 0 _aNeiman, Susan
_eauthor
245 0 0 _aComment devenir adulte ?
260 _c2024.
500 _a62
690 _aCompétences
690 _aEnvironnement
690 _aÉthique
690 _aGénérations
690 _aMarketing
690 _aPolitique
690 _aRecrutement
690 _aRessources humaines
690 _aTravail
690 _aValeurs
786 0 _nPhilonomist | - | 1 | 2024-01-10 | p. 48-48
856 4 1 _uhttps://shs.cairn.info/magazine-philonomist-2024-1-page-48?lang=fr&redirect-ssocas=7080
999 _c1803898
_d1803898